Instituciones de Derecho Canónico de conformidad con el nuevo código
Guardat en:
| Autor principal: | |
|---|---|
| Format: | Llibre |
| Idioma: | espanyol |
| Publicat: |
Roma
del Corazón de María
1919
|
| Edició: | 1a. ed |
| Matèries: | |
| Etiquetes: |
Afegir etiqueta
Sense etiquetes, Sigues el primer a etiquetar aquest registre!
|
MARC
| LEADER | 00000cam a2200000 a 4500 | ||
|---|---|---|---|
| 001 | UCD2109 | ||
| 003 | CL-VaPUC | ||
| 008 | 160414e19190000it |||||||||||||||||spa|d | ||
| 082 | 0 | 4 | |a 262.9 |b MAR |2 21 |
| 100 | |a Maroto, Felipe |e autor |9 585361 | ||
| 245 | 1 | 0 | |a Instituciones de Derecho Canónico de conformidad con el nuevo código |
| 250 | |a 1a. ed | ||
| 300 | |a t | ||
| 942 | |c BK | ||
| 945 | |d 20160414 22:20:00 |a dcastane | ||
| 260 | |a Roma |b del Corazón de María |c 1919 | ||
| 650 | 7 | |a DERECHO CANONICO |2 CL-VaPUC |9 585362 | |
| 650 | 0 | |a Instituciones jurídicas |9 380718 | |
| 650 | 7 | |a CONSTITUCIONES RELIGIOSAS |2 CL-VaPUC |9 518021 | |
| 583 | |a last modification |c 20160414 22:20:00 |k Rodrigo Vera | ||
| 999 | |c 363304 |d 363302 | ||
| 952 | |0 0 |1 0 |3 erd |4 0 |6 262_900000000000000_MAR_1919 |7 0 |8 X |9 475216 |a BIBTEO |b BIBTEO |c TEO_FFR |h t.1 |i 5221161 |o 262.9 MAR 1919 |p 5221161 |r 2024-01-18 |w 2019-11-24 |y BK_X |z Catalogado en:20160414 |k OFM | ||
| 952 | |0 0 |1 0 |3 erd |4 0 |6 262_900000000000000_MAR_1919 |7 0 |8 X |9 475217 |a BIBTEO |b BIBTEO |c TEO_FFR |h t.1 |i 5220645 |o 262.9 MAR 1919 |p 5220645 |r 2024-01-18 |w 2019-11-24 |y BK_X |z Catalogado en:20160414 |k OFM | ||
| 952 | |0 0 |1 0 |3 erd |4 0 |6 262_900000000000000_MAR_1919 |7 0 |8 X |9 475218 |a BIBTEO |b BIBTEO |c TEO_FFR |h t.2 |i 5220653 |o 262.9 MAR 1919 |p 5220653 |r 2024-01-18 |w 2019-11-24 |y BK_X |z Catalogado en:20160414 |k OFM | ||